| 000 | 00710nam a2200253Ia 4500 | ||
|---|---|---|---|
| 003 | OSt | ||
| 005 | 20220926011834.0 | ||
| 006 | a|||||r|||| 00| 0 | ||
| 007 | ta | ||
| 008 | 220923b |||||||| |||| 00| 0 eng d | ||
| 020 | _a0814455212 | ||
| 037 | _cGeneral Book | ||
| 040 |
_aRTL _cRTL _beng |
||
| 041 |
_2eng _aeng |
||
| 082 | _aX:75.73.N7, L9 | ||
| 100 | _aWeidenbaum Murray L | ||
| 245 | 0 |
_aFuture of business regulaiton _b Private actic and p |
|
| 260 |
_aNew York _bAMACOM USA _c1979 |
||
| 300 |
_avi, 183p. _ccm. |
||
| 500 | _aBib chapterwise | ||
| 650 | _aIndustrial Ecomoey | ||
| 942 |
_hX:75.73.N7, L9 _cGB _2CC |
||
| 999 |
_c621134 _d621134 |
||